Craniosynostosis with associated cranial base deformatities : a morphologic and histologic study in a set of twins /
Saved in:
| Main Author: | |
|---|---|
| Format: | Thesis Book |
| Language: | English |
| Published: |
1979.
|
| Subjects: | |
| Tags: |
Add Tag
No Tags, Be the first to tag this record!
|
| LEADER | 00777cam a2200229 a 4500 | ||
|---|---|---|---|
| 001 | u165209 | ||
| 003 | SIRSI | ||
| 008 | 920521s1979 us v 00 1 eng m | ||
| 035 | |a AAT-7396 | ||
| 040 | |a UMP | ||
| 096 | |a WE705 |b Woo 1979 | ||
| 100 | 1 | 0 | |a Woon, Kok Chin. |
| 245 | 1 | 0 | |a Craniosynostosis with associated cranial base deformatities : |b a morphologic and histologic study in a set of twins / |c Woon Kok Chin. |
| 260 | |c 1979. | ||
| 300 | |a vi, 32 p. |b ill. ; |c 29 cm. | ||
| 502 | |a Dissertation (M.Sc. Dent.) - University of Washington, 1979. | ||
| 504 | |a Bibliography: p. 29-32. | ||
| 650 | 2 | |a Craniosynotoses. | |
| 650 | 2 | |a Skull |x abnormalities. | |
| 948 | |a 21/05/1992 |b 09/10/1995 | ||
| 596 | |a 2 | ||
| 999 | |a WE705 WOO 1979 |w LC |c 1 |i A502456604 |l STACKS |m P02MEDKL |r Y |s Y |t TESIS |u 30/9/1995 | ||
